La poesía de Ángel García López / (Record no. 179768)

MARC details
000 -LEADER
campo de control de longitud fija 01024nam a2200265 i 4500
001 - NÚMERO DE CONTROL
campo de control 179768
003 - IDENTIFICADOR DE NÚMERO DE CONTROL
campo de control ES-MaACL
005 - FECHA Y HORA DE LA ÚLTIMA TRANSACCIÓN
campo de control 20240429121026.0
008 - DATOS DE LONGITUD FIJA--INFORMACIÓN GENERAL
campo de control de longitud fija 120120s2011 sp |||| | spa d
020 ## - NÚMERO INTERNACIONAL ESTÁNDAR DEL LIBRO
Número Internacional Estándar del Libro 978-84-9895-132-5
080 ## - NÚMERO DE LA CLASIFICACIÓN DECIMAL UNIVERSAL
Número de la Clasificación Decimal Universal 821.134.2 García López, Ángel 1.07
245 03 - MENCIÓN DEL TÍTULO
Título La poesía de Ángel García López /
Mención de responsabilidad, etc. José Jurado Morales (ed.).
260 ## - PUBLICACIÓN, DISTRIBUCIÓN, ETC.
Lugar de publicación, distribución, etc. Madrid :
Nombre del editor, distribuidor, etc. Visor Libros,
Fecha de publicación, distribución, etc. 2011.
300 ## - DESCRIPCIÓN FÍSICA
Extensión 381 p. ;
Dimensiones 21 cm.
490 1# - MENCIÓN DE SERIE
Mención de serie Biblioteca filológica hispana ;
Designación de volumen o secuencia 132
504 ## - NOTA DE BIBLIOGRAFÍA, ETC.
Nota de bibliografía, etc. Bibliografía: p. [349]-381.
505 8# - NOTA DE CONTENIDO CON FORMATO
Nota de contenido con formato Contiene: ;
Título Palabras para agradecer un homenaje /
Mención de responsabilidad Ángel García López
600 17 - PUNTO DE ACCESO ADICIONAL DE MATERIA--NOMBRE DE PERSONA
Nombre de persona García López, Ángel,
Fechas asociadas al nombre 1935-
Subdivisión general Crítica e interpretación
Fuente del encabezamiento o término
9 (RLIN) 149154
700 1# - ENTRADA AGREGADA--NOMBRE PERSONAL
Nombre de persona Jurado Morales, José.
9 (RLIN) 67327
700 1# - ENTRADA AGREGADA--NOMBRE PERSONAL
Nombre de persona García López, Ángel,
Fechas asociadas al nombre 1935-
9 (RLIN) 54840
830 0# - PUNTO DE ACCESO ADICIONAL DE SERIE-TÍTULO UNIFORME
Título uniforme Biblioteca filológica hispana ;
Designación de volumen o secuencia 132
9 (RLIN) 179654
852 1# - LOCALIZACIÓN
Ubicación ES-MaACL
Número de control de estantería A-11910
itemnumber 186668
Sublocalización o colección R.148327
Ubicación en estantería Depósito 1
Signatura antigua Olim: N-4915
942 ## - ELEMENTOS DE ENTRADA SECUNDARIOS (KOHA)
Fuente del sistema de clasificación o colocación Clasificación decimal universal
Tipo de ítem Koha Libro impreso
Holdings
Estatus retirado Estado de pérdida Fuente del sistema de clasificación o colocación Estado de daño No para préstamo Biblioteca de origen Biblioteca actual Ubicación en estantería Fecha de adquisición Fuente de adquisición Total de préstamos Signatura topográfica completa Código de barras Visto por última vez Precio de reemplazo Tipo de ítem Koha
    Clasificación decimal universal     Biblioteca del Ateneo de Madrid Biblioteca del Ateneo de Madrid Depósito 1 20/01/2012 Compra   A-11910 1188856 23/02/2023 23/02/2023 Libro impreso